HIV. Controllare naturalmente i trigliceridi Consigli sull'alimentazione e stili di vita

Đã lưu trong:
Chi tiết về thư mục
Tác giả của công ty: Nadir
Định dạng: Sách
Ngôn ngữ:Tiếng Anh
Được phát hành: Roma Nadir 2005
Các nhãn: Thêm thẻ
Không có thẻ, Là người đầu tiên thẻ bản ghi này!

MARC

LEADER 00000nam a2200000 4500
005 20241016173657.0
008 241016b |||||||| |||| 00| 0 eng d
040 |c GP 
110 |a Nadir 
245 |a HIV. Controllare naturalmente i trigliceridi  |b Consigli sull'alimentazione e stili di vita 
260 |a Roma  |b Nadir  |c 2005 
942 |2 ddc  |c BK  |n 0 
952 |0 0  |1 0  |2 ddc  |4 0  |6 614_050000000000000_NAD  |7 1  |9 2132  |a RM  |b RM  |d 2024-10-16  |l 0  |o 614.05 NAD  |p 223  |r 2024-10-16 17:37:24  |w 2024-10-16  |y BK 
999 |c 1874  |d 1874